[Event "9th Amplico Life Rapid"]
[Site "Warsaw POL"]
[Date "2009.12.19"]
[Round "6"]
[White "Rozentalis,E"]
[Black "Vovk,A"]
[Result "1-0"]
[WhiteElo "2611"]
[BlackElo "2512"]
[EventDate "2009.12.19"]

1. e4 c5 2. Nf3 e6 3. c3 Nf6 4. e5 Nd5 5. Bc4 Nb6 6. Bb3 c4 7. Bc2 Nc6 8.
O-O Qc7 9. Re1 h6 10. b3 g5 11. bxc4 g4 12. Nd4 Nxd4 13. cxd4 Qxc4 14. Nc3
Qxd4 15. Re4 Qc5 16. Qxg4 d6 17. exd6 Bd7 18. Bb2 h5 19. Qh4 Rg8 20. Rae1
Bxd6 21. d4 Qg5 22. Qxg5 Rxg5 23. h4 Ra5 24. Bb3 Kf8 25. R4e3 Bb4 26. R1e2
Rc8 27. Ne4 Nc4 28. Bxc4 Rxc4 29. Nf6 Bc6 30. Rg3 Ke7 31. Ng8+ Kd8 32. Rg7
Ke8 33. Rh7 Bc3 34. Rc2 Be4 35. Nf6+ 1-0

[Event "9th Amplico Life Rapid"]
[Site "Warsaw POL"]
[Date "2009.12.19"]
[Round "6"]
[White "Deszczynski,A"]
[Black "Bologan,V"]
[Result "0-1"]
[WhiteElo "2352"]
[BlackElo "2692"]
[EventDate "2009.12.19"]

1. e4 c5 2. Nf3 d6 3. Bb5+ Nd7 4. d4 Ngf6 5. Nc3 a6 6. Bxd7+ Nxd7 7. Bg5 h6
8. Bh4 g5 9. Bg3 Bg7 10. O-O O-O 11. Re1 b5 12. e5 dxe5 13. dxe5 b4 14. Ne4
Qb6 15. Qd5 Ra7 16. Rad1 Bb7 17. Qc4 Ba8 18. Qe2 Qg6 19. c4 Rc8 20. h3 Nf8
21. h4 g4 22. Nh2 h5 23. Ng5 f6 24. Ne4 Qxe4 25. Qxe4 Bxe4 26. Rxe4 f5 27.
Ree1 Ne6 28. Nf1 f4 29. Bh2 Rf8 30. Rd5 Rf5 31. Nd2 Rc7 32. Nb3 Kh7 33. Kh1
f3 34. Re4 Bh6 35. Bg3 Kg6 36. Kg1 Rf8 37. Nd2 Bxd2 38. Rxd2 Nd4 39. Rexd4
cxd4 40. Rxd4 a5 41. b3 a4 42. Rd5 Ra7 43. Rb5 axb3 44. axb3 Ra1+ 45. Kh2
fxg2 46. Kxg2 Rd8 47. Rxb4 Rdd1 48. Bh2 Kf5 49. c5 Rac1 50. Rf4+ Ke6 51. b4
Rd8 52. Re4 Rb8 53. Bf4 Kd5 54. Bxc1 Kxe4 55. Bd2 Kxe5 56. f3 gxf3+ 57.
Kxf3 Rf8+ 58. Ke3 Kd5 59. Kd3 e5 60. Be3 Rb8 61. Kc3 Rb7 62. Kb3 Rf7 63.
Kc3 Rf3 64. Kd3 e4+ 65. Ke2 Kc4 66. c6 Rf7 67. Bd2 Kd5 68. b5 Kc5 69. Ke3
Kxb5 70. Kxe4 Kxc6 71. Bf4 Kd7 72. Ke5 Ke7 73. Bg5+ Kf8 74. Bf6 Rb7 75. Ke6
Rb6+ 76. Kf5 Kf7 77. Bg5 Rb5+ 78. Ke4 Ke6 79. Kd4 Rb4+ 80. Kd3 Kd5 81. Bf6
Rf4 82. Bg5 Rf3+ 83. Ke2 Ke4 84. Be7 Rb3 85. Kf2 Rb2+ 86. Kg3 Rb7 87. Bg5
Rf7 88. Kg2 Rb7 89. Kg3 Rb2 90. Be7 Rb3+ 91. Kg2 Kf4 92. Bg5+ Kg4 93. Kf2
Rf3+ 94. Ke2 Kg3 95. Be7 Rf5 96. Bg5 Re5+ 97. Kd3 Kf3 98. Kd4 Re1 99. Kd5
Re4 100. Kd6 Kg3 101. Kd5 Rxh4 0-1

[Event "9th Amplico Life Rapid"]
[Site "Warsaw POL"]
[Date "2009.12.19"]
[Round "6"]
[White "Fridman,D2"]
[Black "Sudakova,I"]
[Result "1-0"]
[WhiteElo "2649"]
[BlackElo "2350"]
[EventDate "2009.12.19"]

1. d4 d5 2. c4 e6 3. Nf3 c6 4. e3 Nd7 5. Bd3 dxc4 6. Bxc4 Ngf6 7. O-O Bd6
8. Nc3 O-O 9. e4 e5 10. Bg5 Qe7 11. Bb3 Rd8 12. h3 h6 13. Bh4 Nf8 14. dxe5
Bxe5 15. Bxf7+ Kxf7 16. Nxe5+ Kg8 17. Nd3 Ng6 18. Bg3 Be6 19. Qf3 Rf8 20.
Rfe1 Rad8 21. Rad1 b5 22. Qe3 b4 23. Na4 Bxa2 24. Nac5 Bc4 25. Nxb4 Bb5 26.
Nbd3 a5 27. e5 Nd5 28. Qe4 Qf7 29. Qg4 Rfe8 30. e6 Qf6 31. Nb7 Ra8 32. Nd6
Reb8 33. Ne4 1-0

[Event "9th Amplico Life Rapid"]
[Site "Warsaw POL"]
[Date "2009.12.19"]
[Round "6"]
[White "Kanarek,M"]
[Black "Congiu,M"]
[Result "1-0"]
[WhiteElo "2405"]
[BlackElo "2149"]
[EventDate "2009.12.19"]

1. e4 d5 2. exd5 Qxd5 3. Nc3 Qa5 4. Nf3 Nf6 5. Bc4 c6 6. d4 Bf5 7. Bd2 e6
8. Nd5 Qd8 9. Nxf6+ gxf6 10. c3 Nd7 11. Qe2 Qb6 12. Nh4 Bg6 13. O-O O-O-O
14. b4 f5 15. g3 Be7 16. Ng2 h5 17. h4 Nf6 18. Bg5 Rd7 19. Bxf6 Bxf6 20. f4
Rhd8 21. Kh2 Be7 22. Ne1 Bh7 23. Nf3 Rd6 24. Rfe1 Bg8 25. Qc2 Qc7 26. a4
Qd7 27. Re2 Bf8 28. Qa2 Bg7 29. Rae1 Kb8 30. Ne5 Qc7 31. Nd3 Bf6 32. Re3
Qe7 33. Kh3 Qf8 34. Qe2 Qg7 35. Qxh5 Bh7 36. Ne5 Bxe5 37. Rxe5 Rg8 38. Qf3
Bg6 39. Qe3 Bh5 40. Kh2 Rdd8 41. Rb1 Qf6 42. b5 c5 43. Rxc5 Ka8 44. Bf1 Rg4
45. Bh3 Rg7 46. Bg2 Qe7 47. a5 Kb8 48. Qe5+ 1-0

[Event "9th Amplico Life Rapid"]
[Site "Warsaw POL"]
[Date "2009.12.19"]
[Round "6"]
[White "Miton,K"]
[Black "Swiercz,D"]
[Result "1/2-1/2"]
[WhiteElo "2586"]
[BlackElo "2493"]
[EventDate "2009.12.19"]

1. d4 Nf6 2. c4 g6 3. Nc3 d5 4. Nf3 Bg7 5. Qb3 dxc4 6. Qxc4 O-O 7. e4 a6 8.
Qb3 b5 9. e5 Nfd7 10. e6 fxe6 11. Be3 Nf6 12. a4 b4 13. Qxb4 Nc6 14. Qa3
Qd6 15. Bc4 Rb8 16. O-O Qxa3 17. bxa3 Kh8 18. h3 Na5 19. Ba2 c5 20. dxc5
Nd5 21. Nxd5 exd5 22. Rab1 Rxb1 23. Rxb1 Nc4 24. Bd4 Bf5 25. Re1 Rc8 26.
Bxg7+ Kxg7 27. Rxe7+ Kf6 28. Ra7 a5 29. Ra6+ Ke7 30. Ra7+ Kf6 31. Ra6+ Ke7
32. Ra7+ Kf6 33. Rxh7 Rxc5 34. Rb7 Nxa3 35. Rb6+ Ke7 36. Nd4 Nc2 37. Nb3
Rc4 38. Nxa5 Rxa4 39. Nc6+ Kd6 40. Bxd5 Kxd5 41. Ne7+ Ke5 42. Nxg6+ Bxg6
43. Rxg6 Nd4 1/2-1/2

[Event "9th Amplico Life Rapid"]
[Site "Warsaw POL"]
[Date "2009.12.19"]
[Round "6"]
[White "Strzemiecki,Z"]
[Black "Markowski,T"]
[Result "0-1"]
[WhiteElo "2333"]
[BlackElo "2629"]
[EventDate "2009.12.19"]

1. e4 d6 2. d4 Nf6 3. Nc3 g6 4. f4 Bg7 5. Nf3 O-O 6. Bd3 Nc6 7. O-O e5 8.
fxe5 dxe5 9. d5 Ne7 10. Qe1 Ne8 11. Qh4 f6 12. Ne2 Nd6 13. c4 c5 14. Be3 b6
15. g4 Bd7 16. Qg3 Nf7 17. Nc3 Nc8 18. Rae1 Ncd6 19. b3 Qe7 20. Bc1 Rae8
21. Kh1 Bh6 22. Bxh6 Nxh6 23. h3 Nhf7 24. Nd1 b5 25. Ne3 bxc4 26. Nxc4 Nxc4
27. Bxc4 Nd6 28. Nd2 Rb8 29. Qf2 Rbc8 30. Bd3 Kg7 31. Nc4 Nxc4 32. Bxc4 Qd6
33. Qg3 a5 34. Rf2 a4 35. Ref1 axb3 36. axb3 Ra8 37. Qd3 Rf7 38. Qg3 h6 39.
Qe3 g5 40. Kg2 Rff8 41. Rf3 Ra2+ 42. R3f2 Rxf2+ 43. Qxf2 Ra8 44. Qf3 Be8
45. Qc3 Bg6 46. Bd3 Qb6 47. Rc1 Ra2+ 48. Rc2 Rxc2+ 49. Bxc2 h5 50. Qd3 hxg4
51. hxg4 Kf8 52. Kf3 Ke7 53. Qc3 Be8 54. Bd3 Bd7 55. Kg3 Kd6 56. Bc4 Qb4
57. Qe3 Ke7 58. Qc1 Qa5 59. Be2 Qb4 60. Bc4 Qa5 61. Be2 Kd6 62. Bc4 Qa8 63.
Qf1 Qh8 64. Qh3 Qxh3+ 65. Kxh3 Kc7 66. Kg3 Kb6 67. Be2 Ka5 68. Kf3 Kb4 69.
Bd1 Kc3 70. Ke3 Be8 71. Kf3 Kd4 72. Bc2 Bb5 73. Kf2 Kc3 74. Bd1 Kd2 75. Bf3
Kc2 76. Be2 Bd7 77. Bc4 Bxg4 78. d6 Bd7 79. Ke3 Kc3 80. Bd5 Kb4 81. Kd3 Kb5
82. Ke3 Kb6 83. Kf3 Ka5 84. Ke3 Kb5 85. Kf3 c4 86. Bxc4+ Kc5 87. Bd3 Kxd6
88. b4 Kc6 89. Ke3 Kb6 90. Kd2 Bb5 91. Bc2 Kc6 92. Bd1 Kd6 93. Bg4 Bd7 94.
Be2 Kc6 95. Ke3 Kb6 96. Kd2 Bb5 97. Bg4 Bc6 98. Bf5 Kb5 99. Kc3 Be8 100.
Bg4 Bf7 101. Be2+ Kb6 102. Bg4 Kc6 103. Be2 Be6 104. Kd2 Kb6 105. Bf1 Bc8
106. Be2 Ba6 107. Bg4 Bb7 108. Bf5 Bc6 109. Kd3 Bb5+ 110. Kd2 Be8 111. Kd3
Bh5 112. Bd7 g4 113. Ke3 g3 114. Ba4 g2 115. Kf2 Bf3 116. Bc2 Kb5 0-1

[Event "9th Amplico Life Rapid"]
[Site "Warsaw POL"]
[Date "2009.12.19"]
[Round "6"]
[White "Grabarczyk,M"]
[Black "Sharevich,A"]
[Result "1-0"]
[WhiteElo "2475"]
[BlackElo "2252"]
[EventDate "2009.12.19"]

1. d4 d5 2. c4 e6 3. Nf3 Nf6 4. g3 dxc4 5. Qa4+ c6 6. Qxc4 b5 7. Qd3 Bb7 8.
Bg2 Nbd7 9. O-O Qb6 10. Be3 Nd5 11. Nbd2 Rc8 1-0

[Event "9th Amplico Life Rapid"]
[Site "Warsaw POL"]
[Date "2009.12.19"]
[Round "6"]
[White "Chalupnik,M"]
[Black "Gdanski,J"]
[Result "0-1"]
[WhiteElo "2284"]
[BlackElo "2509"]
[EventDate "2009.12.19"]

1. e4 e6 2. d4 d5 3. Nc3 Bb4 4. e5 Ne7 5. a3 Bxc3+ 6. bxc3 c5 7. h4 Qc7 8.
Nf3 b6 9. h5 h6 10. Rh4 Ba6 11. Bxa6 Nxa6 12. Qd3 c4 13. Qd1 b5 14. Rg4 Nf5
15. Rf4 Qa5 16. Bd2 Nb8 17. a4 bxa4 18. Qb1 Nd7 19. Qa2 Rb8 20. Ke2 Rb5 21.
Qxa4 Qxa4 22. Rxa4 a5 23. Bc1 g5 24. hxg6 fxg6 25. Ra1 g5 26. Rg4 Nb6 27.
Ba3 Na4 28. Kd2 Kd7 29. Nh2 Rhb8 30. f4 gxf4 31. Rxf4 h5 32. g4 hxg4 33.
Nxg4 Rb1 34. Rf1 Rxf1 35. Rxf1 Kc6 36. Rh1 Rg8 37. Ne3 Nxe3 38. Kxe3 Nxc3
39. Rh6 Re8 40. Rh7 Nb5 41. Bc5 c3 42. Ke2 a4 43. Kd1 a3 44. Ke2 Rg8 45.
Rh6 Nc7 46. Bxa3 Rg2+ 47. Kd3 Rg3+ 48. Ke2 Kd7 49. Rh7+ Kc6 50. Rh6 Rg2+
51. Kd3 Rg3+ 52. Ke2 Rg4 53. Bc5 Rg2+ 54. Kd3 Rg3+ 55. Ke2 Kb5 56. Rh7 Na6
57. Re7 Nxc5 58. dxc5 Kxc5 59. Rxe6 Kd4 60. Ra6 Kxe5 61. Kf2 Rh3 62. Kg2
Rh8 63. Kf3 Rh2 64. Ra2 Rd2 65. Ke3 d4+ 66. Kf3 Kd5 67. Ra5+ Kc4 68. Ra4+
Kb5 69. Ra8 Rxc2 70. Ke4 Rd2 71. Rb8+ Kc4 72. Rc8+ Kb3 73. Rb8+ Kc2 74. Rb7
d3 0-1

[Event "9th Amplico Life Rapid"]
[Site "Warsaw POL"]
[Date "2009.12.19"]
[Round "6"]
[White "Michna,Mart"]
[Black "Lis,Mare"]
[Result "1-0"]
[WhiteElo "2366"]
[BlackElo "2094"]
[EventDate "2009.12.19"]

1. d4 d6 2. Nf3 Nd7 3. c4 e5 4. Nc3 Ngf6 5. e4 exd4 6. Nxd4 g6 7. Be2 Bg7
8. O-O O-O 9. Qc2 a5 10. Rd1 Nc5 11. Be3 Re8 12. f3 c6 13. Rd2 Qc7 14. Rad1
b6 15. Nb3 Bf8 16. Bf4 Nb7 17. Na4 Be6 18. Kh1 Nd7 19. Nd4 Ndc5 20. a3 Bd7
21. Nxc5 bxc5 22. Nb3 a4 23. Nc1 Be6 24. Na2 Red8 25. Nc3 Qa5 26. Bf1 Qa6
27. Bg5 Rdb8 28. e5 dxe5 29. Nd5 cxd5 30. cxd5 Qb6 31. dxe6 fxe6 32. Qe4
Nd6 33. Qxe5 Nf7 34. Qg3 Re8 35. h4 Rac8 36. h5 c4 37. hxg6 hxg6 38. Bf6
Kh7 39. Rd7 1-0

[Event "9th Amplico Life Rapid"]
[Site "Warsaw POL"]
[Date "2009.12.19"]
[Round "6"]
[White "Szelag,M"]
[Black "Hess,C1"]
[Result "0-1"]
[WhiteElo "2456"]
[BlackElo "2250"]
[EventDate "2009.12.19"]

1. e4 c6 2. d4 d5 3. Nc3 dxe4 4. Nxe4 Bf5 5. Ng3 Bg6 6. h4 h6 7. Nf3 Nd7 8.
h5 Bh7 9. Bd3 Bxd3 10. Qxd3 e6 11. Bf4 Qa5+ 12. Bd2 Qc7 13. O-O-O Ngf6 14.
Ne4 O-O-O 15. g3 a6 16. c4 Nc5 17. Qc2 Nfd7 18. b3 f6 0-1

[Event "9th Amplico Life Rapid"]
[Site "Warsaw POL"]
[Date "2009.12.19"]
[Round "6"]
[White "Reimanis,R"]
[Black "Beinoras,M"]
[Result "0-1"]
[WhiteElo "2112"]
[BlackElo "2384"]
[EventDate "2009.12.19"]

1. d4 d5 2. e3 c5 3. f4 Nc6 4. c3 Nf6 5. Nf3 Bf5 6. Bd3 e6 7. O-O Be7 8.
Ne5 O-O 9. Qe2 Qc7 10. Nd2 a6 11. a4 c4 12. Bb1 Bxb1 13. Rxb1 b5 14. axb5
axb5 15. e4 dxe4 16. Nxe4 Nd5 17. Ng3 Ra2 18. Qg4 f5 19. Qf3 Nxe5 20. fxe5
b4 21. Nh5 g6 22. Nf4 Qd7 23. Qg3 Nxf4 24. Bxf4 Rb8 25. h4 Kf7 26. Bg5 Qd8
27. Bxe7 Qxe7 28. d5 Qc5+ 29. Kh1 Qxd5 30. Rbd1 Qb7 31. Rd4 Qe7 32. Rfd1
Rb7 33. Rxc4 Rxb2 34. Qf4 Kg7 35. Rd6 b3 36. Rb4 Rxb4 37. Qxb4 Re2 38. Kg1
b2 39. c4 Rc2 0-1

[Event "9th Amplico Life Rapid"]
[Site "Warsaw POL"]
[Date "2009.12.19"]
[Round "6"]
[White "Czerwonski,A"]
[Black "Malec,S"]
[Result "1-0"]
[WhiteElo "2385"]
[BlackElo "2100"]
[EventDate "2009.12.19"]

1. d4 Nf6 2. c4 e6 3. Nf3 b6 4. g3 Ba6 5. Nbd2 Bb7 6. Bg2 Bb4 7. O-O O-O 8.
a3 Bxd2 9. Bxd2 d6 10. Rc1 Nbd7 11. b4 c5 12. Bf4 Ne4 13. Ng5 Ndf6 14. Qd3
Nxg5 15. Bxb7 Nh3+ 16. Kg2 Nxf4+ 17. gxf4 Rb8 18. Bf3 Qc7 19. Rfd1 Rbd8 20.
e3 e5 21. bxc5 bxc5 22. dxe5 dxe5 23. Qf5 Rde8 24. Rb1 e4 25. Be2 a6 26.
Rd2 Re6 27. Rdb2 Qa5 28. Rb7 Qxa3 29. R1b3 Qa5 30. Qg5 h6 31. Qg3 Qd2 32.
Rb2 Qd6 33. f5 Qxg3+ 34. Kxg3 Rc6 35. Ra7 Ne8 36. Ra2 Nc7 37. Bd1 Rc8 38.
Ba4 Rd6 39. Kf4 Kf8 40. Kxe4 Ke7 41. Kf4 g5+ 42. Kf3 Kf6 43. Rb2 Kxf5 44.
Rbb7 Ne6 45. Rxf7+ Kg6 46. Kg3 Rf8 47. Rxf8 Nxf8 48. Be8+ Kf5 49. f3 Ke6
50. Bf7+ Kf6 51. Bh5 Nd7 52. h4 Ne5 53. Rh7 gxh4+ 54. Kxh4 Ng6+ 55. Bxg6
Kxg6 56. Re7 Kf6 57. Ra7 Kf5 58. Kg3 Rc6 59. f4 Ke4 60. Re7+ Kd3 61. f5
Kxc4 62. e4 Kd4 63. Kf4 c4 64. Rd7+ Kc5 65. Rd5+ Kb4 66. Rd1 c3 67. e5 c2
68. Rc1 Kb3 69. f6 Kb2 70. Rxc2+ Kxc2 71. f7 Rc8 72. e6 Rf8 73. Ke5 a5 74.
Kf6 a4 75. e7 Rxf7+ 76. Kxf7 a3 77. e8=Q a2 78. Qa4+ Kb2 79. Qb4+ Kc1 80.
Qa3+ Kb1 81. Qb3+ Ka1 82. Qc2 h5 83. Qc1+ 1-0

[Event "9th Amplico Life Rapid"]
[Site "Warsaw POL"]
[Date "2009.12.19"]
[Round "6"]
[White "Kuzmicz,K"]
[Black "Musialkiewicz,J"]
[Result "1/2-1/2"]
[WhiteElo "2417"]
[BlackElo "2162"]
[EventDate "2009.12.19"]

1. e4 c5 2. d3 e6 3. g3 Nc6 4. Bg2 g6 5. f4 Bg7 6. Nf3 Nge7 7. O-O O-O 8.
c3 d6 9. Be3 f5 10. Na3 b6 11. Re1 Bb7 12. exf5 Nxf5 13. Bf2 Qd7 14. Ng5
Rae8 15. Qb3 Na5 16. Qb5 Qc8 17. Bxb7 Nxb7 18. Qa6 h6 19. Nxe6 Rxe6 20.
Rxe6 Qxe6 21. Qxb7 Qe2 22. Qd5+ Kh7 23. Rb1 Qd2 24. Qe4 d5 25. Qxd5 Re8 26.
Nc4 Qc2 27. Na3 Qd2 28. Qf3 Rd8 29. Nc4 Qc2 30. Qd1 Qxd3 31. Qxd3 Rxd3 32.
a4 Nd6 33. Nxd6 Rxd6 34. Be3 c4 35. a5 bxa5 36. Ra1 Rd5 37. Bxa7 Rd2 38.
Rxa5 Rxb2 39. Ra4 Rb7 40. Bf2 Bxc3 41. Rxc4 Bg7 42. Kg2 Rd7 43. Kf3 Rd3+
44. Be3 Rd7 45. h3 h5 46. Rc6 Rb7 47. Ra6 Rb3 48. Ra7 Kg8 49. Ke4 Rb4+ 50.
Kd5 Rb3 51. Re7 Bf6 52. Re4 Kf7 53. g4 Rb1 54. Ra4 Rd1+ 55. Ke4 Rh1 56.
Ra7+ Kg8 57. Ra6 Kf7 58. gxh5 gxh5 59. Kf5 Be7 60. Ra7 Kf8 61. Kg6 Bd6 62.
Kf6 Kg8 63. Rg7+ Kh8 64. Kf7 Rf1 65. Rg5 Bxf4 66. Rf5 Bxe3 67. Rxf1 Kh7 68.
Kf6 Kh6 69. Kf5 Bb6 70. Rd1 Bc7 71. Rd7 Bg3 72. Rd8 h4 73. Kf6 Kh7 74. Rd5
Kg8 75. Rh5 Bf2 76. Kg6 Bg3 77. Rb5 Kf8 78. Kf6 Ke8 79. Ke6 Kd8 80. Rg5 Kc7
81. Rc5+ Kb6 82. Kd5 Kb7 83. Rc6 Bf2 84. Rh6 Bg3 85. Rh7+ Kb6 86. Rh6+ Kb7
87. Rg6 Bf2 88. Ke4 Bg3 89. Kf3 Kc7 90. Ke4 Kb7 91. Kd5 Bf2 92. Rg7+ Kb6
1/2-1/2

[Event "9th Amplico Life Rapid"]
[Site "Warsaw POL"]
[Date "2009.12.19"]
[Round "6"]
[White "Warszawski,B"]
[Black "Heberla,B"]
[Result "0-1"]
[WhiteElo "2286"]
[BlackElo "2515"]
[EventDate "2009.12.19"]

1. e4 c5 2. Nf3 e6 3. d4 cxd4 4. Nxd4 Nf6 5. Nc3 Nc6 6. Ndb5 Bc5 7. Bf4 O-O
8. e5 a6 9. Nd6 Ne8 10. Nce4 Bd4 11. Nxe8 Rxe8 12. Nd6 Rf8 13. Bd3 f5 14.
Qe2 Nxe5 15. c3 Ng6 16. Bd2 Bc5 17. Nxc8 Rxc8 18. O-O Qf6 19. Rfe1 Rfe8 20.
Qh5 d5 21. Re2 Ne5 22. Bg5 Qf7 23. Qxf7+ Nxf7 24. Be3 Bxe3 25. Rxe3 g6 26.
f4 Kg7 27. Rae1 Kf6 28. Kf2 b5 29. a4 bxa4 30. Ra1 Rb8 31. Re2 g5 32. fxg5+
Nxg5 33. Rxa4 Ne4+ 34. Bxe4 fxe4 35. Rxa6 Rb3 36. Ra7 h6 37. Ke3 Ke5 38.
Rh7 0-1

[Event "9th Amplico Life Rapid"]
[Site "Warsaw POL"]
[Date "2009.12.19"]
[Round "6"]
[White "Lagowski,P"]
[Black "Aleksandrov,A"]
[Result "0-1"]
[WhiteElo "2322"]
[BlackElo "2617"]
[EventDate "2009.12.19"]

1. d4 d5 2. c4 e6 3. Nf3 Nf6 4. g3 dxc4 5. Qa4+ Nbd7 6. Bg2 a6 7. Qxc4 b5
8. Qc2 Bb7 9. O-O c5 10. dxc5 Bxc5 11. Nbd2 Rc8 12. Qd1 O-O 13. Nb3 Bb6 14.
Bf4 Re8 15. Ne5 Bxg2 16. Kxg2 Nd5 17. Nxd7 Qxd7 18. Be5 Qb7 19. e4 Nf6 20.
f3 Nxe4 21. Rc1 Nc5 22. Nxc5 Bxc5 23. Qd2 f6 24. Bf4 e5 25. Be3 Rcd8 26.
Qe2 Bxe3 27. Qxe3 e4 28. Rcd1 exf3+ 29. Qxf3 Re2+ 30. Kg1 Qb6+ 31. Kh1 Rde8
32. Rd7 Qe6 33. Ra7 Qh3 34. Rxg7+ Kh8 35. Rxh7+ Kxh7 0-1

[Event "9th Amplico Life Rapid"]
[Site "Warsaw POL"]
[Date "2009.12.19"]
[Round "6"]
[White "Rajlich,V"]
[Black "Moranda,W"]
[Result "0-1"]
[WhiteElo "2303"]
[BlackElo "2579"]
[EventDate "2009.12.19"]

1. e4 c5 2. Nf3 d6 3. d4 cxd4 4. Nxd4 Nf6 5. Nc3 a6 6. Be3 e6 7. f3 b5 8.
g4 h6 9. Qd2 Nbd7 10. O-O-O b4 11. Na4 Ne5 12. Qxb4 Bd7 13. Be2 Rb8 14. Qa3
Qa5 15. Nc3 Qxa3 16. bxa3 d5 17. Kd2 Bxa3 18. Rb1 O-O 19. exd5 Bb4 20. dxe6
fxe6 21. a3 Bxa3 22. Rxb8 Rxb8 23. Bf4 Bd6 24. Ke3 Nexg4+ 25. fxg4 e5 26.
Bxe5 Bxe5 27. Rb1 Rd8 28. Bc4+ Kh8 29. Nce2 Nxg4+ 30. Ke4 Bxh2 31. Bxa6
Nf6+ 32. Kf3 Be5 33. c3 h5 34. Kg2 h4 35. Rb5 Bxb5 36. Bxb5 Bxd4 37. cxd4
g5 38. Kh3 Kg7 39. Bd3 Kh6 40. Bc4 Re8 41. Kh2 Re3 42. Bb5 g4 43. Nf4 Kg5
44. Ng2 Rb3 45. Bc6 Rb2 46. Kg1 h3 47. Ne3 g3 48. Bf3 Kf4 49. Nd1 Rb1 50.
Be2 Nd5 0-1

[Event "9th Amplico Life Rapid"]
[Site "Warsaw POL"]
[Date "2009.12.19"]
[Round "6"]
[White "Solys,L"]
[Black "Vysochin,S"]
[Result "1/2-1/2"]
[WhiteElo "2303"]
[BlackElo "2555"]
[EventDate "2009.12.19"]

1. c4 e5 2. Nc3 Bb4 3. Nd5 Bc5 4. d3 c6 5. Nc3 d5 6. Nf3 d4 7. Ne4 Be7 8.
g3 Bf5 9. Ned2 Nd7 10. Bg2 Ngf6 11. O-O O-O 12. Rb1 a5 13. b3 Bd6 14. Nh4
Bg4 15. h3 Be6 16. Bb2 Re8 17. Qc2 h6 18. Rbd1 Qe7 19. e3 dxe3 20. fxe3 e4
21. Nxe4 Nxe4 22. Bxe4 Qg5 23. Qg2 Nc5 24. Rf3 Nxe4 25. dxe4 Be5 26. Bd4
Rad8 27. Rff1 Bxd4 28. exd4 Qe3+ 29. Qf2 Qxe4 30. Rfe1 Qh7 31. Kh2 g5 32.
Ng2 Qf5 33. Qxf5 Bxf5 34. g4 Be4 35. Ne3 Re6 36. Kg3 Red6 37. d5 cxd5 38.
cxd5 Rf6 39. Rd4 Bg6 40. Nc4 h5 41. d6 h4+ 42. Kg2 Rf4 43. Rxf4 gxf4 44.
Rd1 Be4+ 45. Kf2 a4 46. bxa4 Kg7 47. Rd4 Bc6 48. Ne5 Bh1 49. d7 f6 50. Nd3
b6 51. Nxf4 Kf7 52. Rd6 Ke7 53. Rxb6 Rxd7 54. a5 Rd2+ 55. Ke3 Rxa2 56. a6
Ra3+ 57. Ke2 Kf7 58. Rd6 Ke7 59. Re6+ Kf7 60. Rd6 Ke7 1/2-1/2

[Event "9th Amplico Life Rapid"]
[Site "Warsaw POL"]
[Date "2009.12.19"]
[Round "6"]
[White "Daulyte,D"]
[Black "Yemelin,V"]
[Result "0-1"]
[WhiteElo "2307"]
[BlackElo "2584"]
[EventDate "2009.12.19"]

1. e4 e6 2. d3 d5 3. Nd2 c5 4. Ngf3 Nc6 5. g3 Bd6 6. Bg2 Nge7 7. O-O O-O 8.
Re1 Bc7 9. c3 Rb8 10. Nf1 d4 11. cxd4 cxd4 12. N1d2 e5 13. a4 a6 14. Rb1 b5
15. axb5 axb5 16. Nb3 Bd6 17. Ra1 Bg4 18. h3 Be6 19. Ng5 Bd7 20. f4 f6 21.
Nf3 exf4 22. gxf4 Ng6 23. f5 Nf4 24. Nbxd4 Kh8 25. Nxc6 Bxc6 26. d4 g6 27.
Bxf4 Bxf4 28. fxg6 hxg6 29. Nh4 Be8 30. Qd3 Rb7 31. Rad1 Rh7 32. Nf3 Bd7
33. Qf1 g5 34. e5 fxe5 35. dxe5 Bg3 36. Re4 Qb6+ 37. Rdd4 Bf5 38. Nxg5 Bxe5
39. Nxh7 Bxd4+ 40. Kh1 Kxh7 41. Rh4+ Kg8 42. Bd5+ Be6 43. Rg4+ Bg7 44. Qg2
Rf7 45. Qe4 Rf1+ 46. Kh2 Qd6+ 47. Kg2 Bxd5 0-1

[Event "9th Amplico Life Rapid"]
[Site "Warsaw POL"]
[Date "2009.12.19"]
[Round "6"]
[White "Azarov,S"]
[Black "Janaszak,Daw"]
[Result "1/2-1/2"]
[WhiteElo "2622"]
[BlackElo "2310"]
[EventDate "2009.12.19"]

1. e4 c5 2. Nf3 Nc6 3. d4 cxd4 4. Nxd4 Nf6 5. Nc3 e5 6. Ndb5 d6 7. Bg5 a6
8. Na3 b5 9. Nd5 Be7 10. Bxf6 Bxf6 11. c4 b4 12. Nc2 Rb8 13. Be2 O-O 14. b3
a5 15. O-O Be6 16. Nxf6+ gxf6 17. Qd2 f5 18. Bf3 f4 19. Rad1 Qg5 20. Qxd6
Rbc8 21. Qd2 Kh8 22. g3 Rg8 23. Bg2 h5 24. Ne1 Rcd8 25. Qc1 Nd4 26. Rxd4
exd4 27. Nd3 fxg3 28. hxg3 Qxc1 29. Rxc1 h4 30. c5 hxg3 31. f4 f6 32. c6
Rc8 33. f5 Bf7 1/2-1/2

[Event "9th Amplico Life Rapid"]
[Site "Warsaw POL"]
[Date "2009.12.19"]
[Round "6"]
[White "Zhigalko,A"]
[Black "Hrzica,R"]
[Result "1-0"]
[WhiteElo "2600"]
[BlackElo "2308"]
[EventDate "2009.12.19"]

1. e4 c6 2. d4 d5 3. exd5 cxd5 4. c4 Nf6 5. Nc3 Nc6 6. Bg5 dxc4 7. Bxc4 e6
8. Nf3 Be7 9. O-O O-O 10. a3 b6 11. Qd3 Bb7 12. Rad1 Nd5 13. Bc1 Bf6 14.
Ne4 Nce7 15. Ba2 a5 16. Rfe1 Ba6 17. Qd2 Rc8 18. h4 Nf5 19. h5 Nd6 20.
Nxf6+ Qxf6 21. Ne5 Rfd8 22. h6 g6 23. Qg5 Ne8 24. Qg3 Rxc1 25. Rxc1 Nf4 26.
Bc4 Bb7 27. Bf1 Rxd4 28. Rc4 Rxc4 29. Nxc4 b5 30. Nxa5 Bd5 31. Bxb5 Nd6 32.
Bc6 Ne4 33. Qf3 Nd2 34. Qg4 Nxg2 35. Rc1 Qxb2 1-0

[Event "9th Amplico Life Rapid"]
[Site "Warsaw POL"]
[Date "2009.12.19"]
[Round "6"]
[White "Przybylski,W"]
[Black "Bartel,Mat"]
[Result "0-1"]
[WhiteElo "2326"]
[BlackElo "2618"]
[EventDate "2009.12.19"]

1. e4 e6 2. d4 d5 3. Nc3 Bb4 4. e5 c5 5. a3 Bxc3+ 6. bxc3 Ne7 7. Qg4 Kf8 8.
Bd2 Qc7 9. h4 Nd7 10. Bd3 cxd4 11. cxd4 Nxe5 12. Qg3 Nxd3+ 13. Qxd3 Qc4 14.
Qxc4 dxc4 15. Nf3 f6 16. Bb4 a5 17. Bc5 b5 18. Nd2 Bb7 19. O-O Kf7 20. c3
Nf5 21. Rfb1 Bc6 22. Re1 Nxh4 23. g3 Nf3+ 24. Nxf3 Bxf3 25. Re3 Bd5 26. f3
h5 27. Rb1 Rab8 28. Bd6 Rb7 29. Kf2 g5 30. Re2 Kg6 31. a4 Rd7 32. Bc5 bxa4
33. Ra1 f5 34. Rxa4 h4 35. gxh4 Rxh4 36. Rxa5 Rh3 37. Ke1 Rxf3 38. Bb4 Rh7
39. Kd2 Rh1 40. Kc2 Rff1 41. Ra2 Be4+ 42. Kb2 Rb1+ 0-1

[Event "9th Amplico Life Rapid"]
[Site "Warsaw POL"]
[Date "2009.12.19"]
[Round "6"]
[White "Lubczynski,R"]
[Black "Kudzma,L"]
[Result "1-0"]
[WhiteElo "2428"]
[BlackElo "2236"]
[EventDate "2009.12.19"]

1. d4 Nf6 2. Nf3 e6 3. g3 b5 4. Bg2 Bb7 5. O-O c5 6. c3 Qb6 7. a4 a6 8.
axb5 axb5 9. Rxa8 Bxa8 10. Na3 c4 11. b3 Qa5 12. b4 Qb6 13. Nd2 Bxg2 14.
Kxg2 Qc6+ 15. f3 Nd5 16. Ndb1 f5 17. e4 Nf6 18. d5 exd5 19. e5 Ng8 20. Qd4
Ne7 21. Rd1 Na6 22. Be3 Nc7 23. Qa7 Nc8 24. Qb8 Kd8 25. Kf2 Be7 26. f4 d6
27. Bd4 Re8 28. Nd2 Kd7 29. Nf3 Bf8 30. exd6 Nxd6 31. Ne5+ Rxe5 32. Bxe5
Ne4+ 33. Kg2 Bd6 34. Bxg7 d4 35. cxd4 Qd5 36. Kg1 Nc3 37. Re1 Qf3 38. Qg8
Nd1 39. Qf7+ Kc6 40. d5+ Kb7 41. Bd4 Qxa3 42. Qd7 Nc3 43. Qc6+ Kb8 44. Qxd6
N3xd5 45. Bb6 Kb7 46. Bxc7 Nxc7 47. Re7 Qa7+ 48. Kg2 Qb8 49. Qc5 Qd8 50.
Qxb5+ Kc8 51. Qxf5+ Kb8 52. Qc5 Kb7 53. b5 1-0

[Event "9th Amplico Life Rapid"]
[Site "Warsaw POL"]
[Date "2009.12.19"]
[Round "6"]
[White "Llaneza Vega,M"]
[Black "Socko,B"]
[Result "0-1"]
[WhiteElo "2514"]
[BlackElo "2643"]
[EventDate "2009.12.19"]

1. e4 e6 2. Nf3 d5 3. Nc3 d4 4. Ne2 c5 5. c3 Nc6 6. d3 e5 7. Ng3 g6 8. Be2
Bg7 9. cxd4 cxd4 10. O-O Nge7 11. Nd2 O-O 12. f4 exf4 13. Rxf4 Ne5 14. Nb3
N7c6 15. Rf1 a5 16. Bf4 a4 17. Nd2 Be6 18. Nf3 Nxf3+ 19. Bxf3 Qb6 20. Qd2
Rfc8 21. Rfc1 Nb4 22. a3 Na6 23. h4 Nc5 24. Bd1 Qb5 25. Rab1 Qxd3 26. Qb4
b6 27. Qxb6 Qa6 28. Qxa6 Rxa6 29. b4 axb3 30. Bxb3 Nxb3 31. Rxc8+ Bxc8 32.
Rxb3 Ra8 33. e5 Bf8 34. Ne4 Be6 35. Rd3 Ra4 36. Nd6 Ba2 37. h5 h6 38. hxg6
fxg6 39. Kf2 g5 40. Bg3 Kg7 41. Rxd4 Rxa3 42. Bh2 Kg6 43. Rd2 Be6 44. Rb2
h5 45. Ke2 Ra6 46. Ke3 Bh6 47. Kd4 g4 48. Kc5 Be3+ 49. Kb4 Rb6+ 50. Nb5 Rc6
51. Re2 Rc4+ 52. Ka5 Bc5 53. Nd6 Rc1 54. Ka4 h4 55. Bf4 Rb1 56. Be3 Bd7+
0-1